000
00290nam a2200121Ia 4500
005
20251222144900.0
008
251222s9999||||xx |||||||||||||| ||spa||
082
_a
421.52/A75
100
_a
Arnold, L.M.
245
4
_a
The Wolf and the Seven Little Kids
264
_b
Macmillan
942
_c
LIB
999
_c
21959
_d
21959